Library of the University of Algiers 3
Ibrahim Sultan Cheibout
شعار جامعة الجزائر 3
مكتبة جامعة الجزائر 3
إبراهيم سلطان شيبوط

المعاملات الاقتصادية للاسواق في النظام الاسلامي / (رقم التسجيلة. 44622)

تفاصيل مارك
000 -LEADER
fixed length control field 01812nam a2200253Ia 4500
003 - CONTROL NUMBER IDENTIFIER
control field Ost
005 - DATE AND TIME OF LATEST TRANSACTION
control field 20260507075450.0
008 - FIXED-LENGTH DATA ELEMENTS--GENERAL INFORMATION
fixed length control field 260507s9999||||xx |||||||||||||| ||und||
020 ## - INTERNATIONAL STANDARD BOOK NUMBER
International Standard Book Number 7012519977
040 ## - CATALOGING SOURCE
Transcribing agency fsecg
041 ## - LANGUAGE CODE
Language code of text/sound track or separate title ara
082 ## - DEWEY DECIMAL CLASSIFICATION NUMBER
Classification number 330.121
100 ## - MAIN ENTRY--PERSONAL NAME
Personal name ابو العلا، يسري محمد
Relator term مؤلف
245 #0 - TITLE STATEMENT
Title المعاملات الاقتصادية للاسواق في النظام الاسلامي /
Statement of responsibility, etc. يسري محمد ابو العلا
260 ## - PUBLICATION, DISTRIBUTION, ETC.
Place of publication, distribution, etc. الاسكندرية:
Name of publisher, distributor, etc. دار الفكر الجامعي,
Date of publication, distribution, etc. 2008
300 ## - PHYSICAL DESCRIPTION
Extent 203 صفحة؛
Dimensions 24 سم
504 ## - BIBLIOGRAPHY, ETC. NOTE
Bibliography, etc. note بيبليوغرافيا ص.181
520 ## - SUMMARY, ETC.
Summary, etc. يتضمن هذا الكتاب مايلي : المعاملات التجارية : نظام المبادلات التجارية ، الحاجات العامة ، الموارد العامة ، ملامح نظام السوق الإسلامي البناء الاقتصادي السلامي : الطار الأخلاقي للمعاملات ، الاحسان في المعاملة ، المنافسة في السوق الاسلامي ، المنافسة في السوق الاسلامي ، المنافسة التعاونية في النظام الاسلامي ضبط السوق في التشريع الاسلامي : معايير التشريع ، التنظيم الاسلامي للسوق ، جهاز الثمن قواعد الربح نظام المعاملات الاسلامية : الاصل في المعاملات الاباحة ، الاستثناء من القاعدة التحريم ، الاحكام العامة في الاحتكار ، حكم الاحتكار وأثاره
653 ## - INDEX TERM--UNCONTROLLED
Uncontrolled term اقتصاد اسلامي
653 ## - INDEX TERM--UNCONTROLLED
Uncontrolled term السوق
653 ## - INDEX TERM--UNCONTROLLED
Uncontrolled term المعاملات اقتصادية
653 ## - INDEX TERM--UNCONTROLLED
Uncontrolled term فقه إسلامي
942 ## - ADDED ENTRY ELEMENTS (KOHA)
Koha item type كتب
المقتنيات
Withdrawn status Lost status Source of classification or shelving scheme Damaged status Not for loan Home library Current library Date acquired Serial enumeration / chronology Inventory number Total checkouts Full call number Barcode Date last seen Price effective from Koha item type
    Dewey Decimal Classification   NOT LOAN / إعارة داخلية مكتبة كلية العلوم الإقتصادية والعلوم التجارية وعلوم التسيير مكتبة كلية العلوم الإقتصادية والعلوم التجارية وعلوم التسيير 07/05/2026 الطابق الأرضي 4163   أ/2857ن1 4163 07/05/2026 07/05/2026 كتب
    Dewey Decimal Classification   Available مكتبة كلية العلوم الإقتصادية والعلوم التجارية وعلوم التسيير مكتبة كلية العلوم الإقتصادية والعلوم التجارية وعلوم التسيير 07/05/2026 الطابق الأرضي 4164   أ/2857ن2 4164 07/05/2026 07/05/2026 كتب
    Dewey Decimal Classification   Available مكتبة كلية العلوم الإقتصادية والعلوم التجارية وعلوم التسيير مكتبة كلية العلوم الإقتصادية والعلوم التجارية وعلوم التسيير 07/05/2026 الطابق الأرضي 4165   أ/2857ن3 4165 07/05/2026 07/05/2026 كتب
    Dewey Decimal Classification   Available مكتبة كلية العلوم الإقتصادية والعلوم التجارية وعلوم التسيير مكتبة كلية العلوم الإقتصادية والعلوم التجارية وعلوم التسيير 07/05/2026 الطابق الثاني 4166   أ/2857ن4 4166 07/05/2026 07/05/2026 كتب
    Dewey Decimal Classification   Available مكتبة كلية العلوم الإقتصادية والعلوم التجارية وعلوم التسيير مكتبة كلية العلوم الإقتصادية والعلوم التجارية وعلوم التسيير 07/05/2026 الطابق الثاني 4167   أ/2857ن5 4167 07/05/2026 07/05/2026 كتب
    Dewey Decimal Classification   Available مكتبة كلية العلوم الإقتصادية والعلوم التجارية وعلوم التسيير مكتبة كلية العلوم الإقتصادية والعلوم التجارية وعلوم التسيير 07/05/2026 مكتبة بن عكنون 4168   أ/2857ن6 4168 07/05/2026 07/05/2026 كتب
    Dewey Decimal Classification   Available مكتبة كلية العلوم الإقتصادية والعلوم التجارية وعلوم التسيير مكتبة كلية العلوم الإقتصادية والعلوم التجارية وعلوم التسيير 07/05/2026 مكتبة بن عكنون 4169   أ/2857ن7 4169 07/05/2026 07/05/2026 كتب
    Dewey Decimal Classification   Available مكتبة كلية العلوم الإقتصادية والعلوم التجارية وعلوم التسيير مكتبة كلية العلوم الإقتصادية والعلوم التجارية وعلوم التسيير 07/05/2026 مكتبة بن عكنون 4170   أ/2857ن8 4170 07/05/2026 07/05/2026 كتب

موارد الويب المفتوحة


© University of Algiers 3 All Rights Reserved
|
Implemented by LECHELAH Riad